000 00950ngm a2200325 a 4500
003 BLK
005 20240530114612.0
007 m| caa|akaadaaaac
008 180410b bul||n||s|||||||| mlbulo|
010 _aCDD00002798000
040 _aBLK
041 _aBUL
_cBUL
080 _aДокументални филми
_b791.229
_z791.229
139 _aШпионите на Хитлер [видео DVD]
_bШ 94
245 1 0 _aШпионите на Хитлер [видео DVD]
257 _aBGR
260 _c2007
300 _a50 мин.
_bцв.
_c12 см
380 _a7
490 _aВеликите шпионски истории
_v6
590 _aS.N: 80252 от КНИГИ
852 _aЦб CD 4843
_p0
856 4 _qpdf
_u
856 4 _qpdf
_u
942 _cCDD
_n0
_s1
_01
944 _aCR
_c27.12.2007
_k30570
_lМоника Янева
944 _aED
_c29.06.2011
999 _c220337
_d220337
999 _d220337
999 _d220337